00869cam a2200229 a 450000100100000000500170001000800410002702000210006802000210008904000250011008200180013510000180015324500700017126000460024130000240028750000390031150400290035050500940037965100660047365100620053965100380060100000640320200929153927.0740108s1974 xx a b 000 0 eng  a0841503133 (v.2) a0841503168 (v.3) aDO-SdBNPbspacBNPHU a973.33bS824b1 aStember, Sol.14aThe bicentennial guide to the American Revolution /cSol Stember. aNew York :bSaturday Review Press,c1974. av. :bil. ;c24 cm. aLa biblioteca posee el vol. 2 y 3. aIncluye bibliografías.0 av. 1. La guerra en el Norte -- v. 2. Las colonias del centro-- v. 3. La guerra en el Sur. 4aEstados UnidosxHistoriayREVOLUCIÓN, 1775-1783xCampañas 4aEstados UnidosxHistoriayREVOLUCIÓN, 1775-1783xMuseos 4aEstados UnidosxGuías De Viajes